[Event "82nd Tata Steel Masters 2020"]
[Site "Wijk aan Zee"]
[Date "2020.01.21"]
[Round "9.7"]
[White "Duda, Jan-Krzysztof"]
[Black "Xiong, Jeffery"]
[Result "1/2-1/2"]
[WhiteElo "2758"]
[BlackElo "2712"]
[Annotator "TA"]
[PlyCount "157"]
[EventDate "2020.01.11"]
[EventType "tourn"]
[EventCountry "NED"]
[SourceTitle "playchess.com"]
[Source "ChessBase"]
[SourceQuality "1"]

{[%evp 11,157,8,16,25,27,21,22,19,16,14,13,3,14,8,22,26,27,32,37,22,25,18,42,39,39,29,43,45,30,8,42,42,43,43,34,37,57,33,12,12,18,0,0,-4,-11,-16,-16,-10,-8,-8,-14,-13,-12,-9,-4,-9,5,4,37,30,43,37,43,43,48,81,44,44,44,44,44,44,44,44,44,44,44,44,44,44,44,44,44,44,44,44,44,44,44,44,44,44,44,44,44,0,81,81,81,88,88,88,98,8,131,145,145,8,8,8,8,8,8,8,8,8,8,8,8,8,8,8,8,8,8,8,8,8,8,8,8,8,8,8,8,8,8,0,8,8,8,8,8,0,8,0,8,8]} 1. e4 e5 2. Nf3 Nc6 3. Bc4 Bc5 4. d3 Nf6 5. O-O d6 6. c3 a6 7. a4 {C54: Giuoco Piano: 4 c3 Nf6, main lines with 5 d4 and 5 d3} Ba7 8. Na3 Ne7 9. Nc2 Ng6 10. Be3 Bxe3 11. Nxe3 O-O 12. a5 b5 $146 ({Predecessor:} 12... Ng4 13. h3 Nxe3 14. fxe3 Qe7 {1-0 (38) Carlsen,M (2855)-Anand,V (2770) Leuven 2016}) 13. axb6 cxb6 14. Re1 Bb7 15. h3 b5 16. Ba2 Qd7 17. Nh2 d5 18. Nhg4 Nxg4 19. hxg4 {[%cal Ra2d5]} d4 20. Nd5 {Threatening Nb6.} Qd6 21. cxd4 exd4 22. g3 a5 23. Kg2 Ne7 {[%cal Re7d5]} 24. Nxe7+ Qxe7 25. Rh1 a4 26. Qf3 h6 27. Qf5 {[#] White wants to mate with Rxh6!} Bc8 $1 {[%cal Rc8f5]} 28. Qxb5 Ba6 29. Qf5 {White threatens Rxh6! and mate.} Bxd3 30. Bd5 $132 {[%mdl 2048] White puts up resistance} Ra6 31. g5 Qxg5 32. Qxg5 hxg5 33. Rhd1 Be2 34. Rxd4 g4 35. Rdxa4 Rh6 {( -> ...Bf3+)} 36. e5 {Rf4 is the strong threat.} Rh5 37. Rf4 Rxe5 {[#]} 38. Bxf7+ $1 {[%mdl 576] Deflection} Rxf7 39. Ra8+ Kh7 40. Rxf7 $14 {[%mdl 4096] Endgame KRR-KRB} Bc4 41. Rd7 {Threatens to win with Raa7.} Bd5+ 42. Rxd5 $1 Rxd5 {KR-KR} 43. Ra4 Rd2 44. Rb4 Kh6 45. Kf1 Kg5 46. Rb5+ Kf6 47. Rb7 Rc2 48. Ke1 Kg6 $1 49. Rb8 Kg5 50. Rb4 Kh5 51. Rb5+ Kg6 52. Rb7 Kf6 53. Rb8 Kg5 54. b4 {[%cal Bb2b4,Bb4b5,Bb5b6][%mdl 32]} Rb2 55. b5 {aiming for b6.} Kg6 56. b6 Kg5 57. Rb7 (57. b7 $16) 57... Kf6 (57... Kh5 $1 $11 {keeps the balance.}) 58. Kd1 $16 Rxf2 59. Rc7 (59. Rb8 $16 {Rf8+ would kill now.} Rb2 60. Kc1) 59... Rb2 $11 {The position is equal.} 60. b7 g6 61. Kc1 Rb6 62. Kd2 {Strongly threatening Rc6+!} Ke5 63. Kc3 Kd5 64. Rg7 Rb1 65. Kc2 Rb6 66. Kd3 Rb3+ 67. Kd2 Rb6 68. Ke3 Ke5 $1 69. Re7+ Kf6 70. Rc7 Ke5 71. Kd3 Kd5 (71... Kd6 $5 {[%cal Rd6c7]} 72. Rf7 Kd5 $11) 72. Rd7+ Ke6 73. Rh7 Kd5 $1 74. Rg7 Rb3+ 75. Ke2 Ke5 76. Kd2 Kd5 77. Kc2 Rb6 78. Kc3 Rb1 79. Rxg6 {Accuracy: White = 66%, Black = 78%.} 1/2-1/2

[Event "82nd Tata Steel Masters 2020"]
[Site "Wijk aan Zee"]
[Date "2020.01.22"]
[Round "10.1"]
[White "Carlsen, Magnus"]
[Black "Kovalev, Vladislav"]
[Result "1-0"]
[WhiteElo "2872"]
[BlackElo "2660"]
[Annotator "TA"]
[PlyCount "73"]
[EventDate "2020.01.11"]
[EventType "tourn"]
[EventCountry "NED"]
[SourceTitle "playchess.com"]
[Source "ChessBase"]
[SourceQuality "1"]

{[%evp 15,73,0,0,0,0,-3,28,18,16,12,6,7,29,37,35,28,118,121,138,141,142,136,117,134,274,278,260,272,379,356,364,365,370,353,366,350,329,322,539,335,310,299,289,274,259,268,315,243,242,245,236,247,235,233,237,237,234,238,233,233]} 1. d4 Nf6 2. c4 e6 3. Nf3 d5 4. Nc3 Be7 5. Bg5 O-O 6. e3 h6 7. Bf4 c5 8. dxc5 Bxc5 9. a3 {D55: Queen's Gambit Declined: 4 Bg5 Be7: Lines without ...h6 and 6...h6 7 Bxf6} Nc6 10. Qc2 (10. b4 Be7 11. h3 Ne4 12. Nxe4 dxe4 13. Qxd8 Rxd8 {½-½ (35) Graf,F (2474)-Vogel,R (2415) Germany 2016}) 10... Nh5 11. Bg3 {White has an edge.} dxc4 $146 ({Predecessor:} 11... d4 12. O-O-O Nxg3 13. hxg3 e5 14. Ne4 Be7 15. exd4 exd4 16. c5 Bf5 17. Nf6+ Bxf6 18. Qxf5 Qc8 19. Bd3 {½-½ (19) Polgar,I-Foldi,J Budapest 1965}) 12. Bxc4 Be7 13. Ba2 a6 14. Rd1 $40 {[%mdl 128] White mounts an attack.} Qa5 15. Bb1 {[%csl Gb1][%cal Rc2h7]} f5 (15... g6 $11 {remains equal.}) 16. O-O $16 Nxg3 17. hxg3 Bf6 18. e4 Bxc3 19. bxc3 Qxa3 (19... Ne5 $16 {was worth a try.}) 20. exf5 $18 exf5 {[#]} 21. Rfe1 $1 Qa5 {[#]} 22. g4 $1 {[%mdl 512]} Qc7 (22... fxg4 23. Qh7+) 23. Nh4 g5 24. Nxf5 Bxf5 25. gxf5 {Re6 is the strong threat.} Rf6 26. Re6 Raf8 $2 (26... Kg7 {keeps fighting.} 27. Qe4 Rd8) 27. Rxf6 Rxf6 28. Ba2+ Kf8 {intending ...Nb4.} 29. Qd3 Ne5 30. Qe4 Rd6 {[#]} 31. Qb4 $1 {[%mdl 512]} Ke7 {White is clearly better.} 32. f6+ Kd7 33. Re1 Rxf6 {[#]} 34. Qd4+ $1 Qd6 {Threatens to win with ...Qxd4.} 35. Qxe5 Qxe5 36. Rxe5 Rc6 37. Re3 {Accuracy: White = 97%, Black = 44%.} 1-0

[Event "82nd Tata Steel Masters 2020"]
[Site "Wijk aan Zee"]
[Date "2020.01.22"]
[Round "10.2"]
[White "Anand, Viswanathan"]
[Black "Vitiugov, Nikita"]
[Result "1/2-1/2"]
[WhiteElo "2758"]
[BlackElo "2747"]
[Annotator "TA"]
[PlyCount "60"]
[EventDate "2020.01.11"]
[EventType "tourn"]
[EventCountry "NED"]
[SourceTitle "playchess.com"]
[Source "ChessBase"]
[SourceQuality "1"]

{[%evp 13,60,25,10,16,30,14,15,0,0,0,0,0,0,0,0,10,30,27,29,39,13,-7,-10,-12,-8,-15,4,-40,-42,-74,-83,-67,-71,-101,-52,-60,-69,-72,-37,-31,-27,-29,-17,-19,0,-43,0,-33,0]} 1. e4 e5 2. Nf3 Nc6 3. Bc4 Bc5 4. c3 Nf6 5. d3 d6 6. O-O a6 7. a4 h6 8. Re1 {C54: Giuoco Piano: 4 c3 Nf6, main lines with 5 d4 and 5 d3} O-O 9. h3 a5 10. d4 {The position is equal.} Bb6 11. Be3 exd4 12. cxd4 d5 ({Not} 12... Nxe4 13. d5 $16) 13. exd5 {[#]} Nb4 $146 ({Predecessor:} 13... Nxd5 14. Bxd5 Qxd5 15. Nc3 Qd8 16. d5 Bxe3 17. dxc6 Qxd1 18. Raxd1 {½-½ (42) Aronian,L (2765)-Anand,V (2756) Saint Louis 2019}) 14. Nc3 Bf5 15. Bf4 Nfxd5 16. Nxd5 Nxd5 17. Bxd5 Qxd5 18. Re5 Qd7 19. Qb3 Rae8 20. Rd1 Be4 21. d5 Bxf3 22. Qxf3 Qxa4 23. Rc1 {White wants to play Rxe8.} Qd4 24. Rce1 $1 Rxe5 25. Bxe5 Qd2 26. Bc3 Qc2 27. Re2 Qb1+ 28. Re1 Qc2 29. Re2 Qb1+ 30. Re1 Qc2 {Accuracy: White = 69%, Black = 71%.} 1/2-1/2

[Event "82nd Tata Steel Masters 2020"]
[Site "Wijk aan Zee"]
[Date "2020.01.22"]
[Round "10.3"]
[White "Xiong, Jeffery"]
[Black "Artemiev, Vladislav"]
[Result "1-0"]
[WhiteElo "2712"]
[BlackElo "2731"]
[Annotator "TA"]
[PlyCount "121"]
[EventDate "2020.01.11"]
[EventType "tourn"]
[EventCountry "NED"]
[SourceTitle "playchess.com"]
[Source "ChessBase"]
[SourceQuality "1"]

{[%evp 15,121,27,27,28,28,23,37,32,27,19,23,16,13,22,15,23,25,36,63,60,61,56,81,73,83,37,43,43,87,91,111,106,110,109,106,100,87,99,116,91,105,100,99,95,140,108,144,141,151,153,183,190,171,181,245,233,220,234,237,231,362,352,393,392,417,398,406,396,414,397,369,0,303,0,350,350,335,335,320,327,284,277,5281,5181,5181,5171,2617,2370,5146,4614,4718,4606,29979,29980,29980,29981,29983,29984,29984,29984,29987,29985,29989,29990,29993,29994,29994,29992]} 1. d4 d5 2. c4 c6 3. Nf3 Nf6 4. Nc3 a6 5. e3 g6 6. Be2 Bg7 7. O-O O-O 8. a4 a5 9. cxd5 {D94: Grünfeld: 4 Nf3 Bg7 5 e3} cxd5 10. b3 Nc6 11. Ba3 {White is slightly better.} Bg4 12. Ne5 $146 ({Predecessor:} 12. h3 Bxf3 13. Bxf3 Qd7 14. Qd2 Rfc8 15. Rac1 e6 16. Rfd1 Bf8 17. Bxf8 Kxf8 {0-1 (48) Di Berardino,D (2480)-Kamsky,G (2741) Khanty-Mansiysk 2011}) 12... Bxe2 13. Qxe2 Nxe5 14. dxe5 {Black must now prevent Rad1.} Ne4 15. Nxe4 dxe4 16. Qc4 Qd3 17. Qxd3 exd3 18. Rad1 Bxe5 19. Rxd3 Rfd8 20. Rfd1 Rxd3 21. Rxd3 $14 {[%mdl 4096] Endgame KRB-KRB} Rc8 {Strongly threatening ...Bd6!} 22. g4 $1 Bf6 23. Rd5 $1 b6 24. Rb5 $1 Bh4 25. Rxb6 Rc2 26. f3 Bf2+ 27. Kh1 Bxe3 28. Rb8+ $1 Kg7 29. Bxe7 f5 30. Rb7 Kg8 31. gxf5 $1 gxf5 32. Rb5 f4 33. Rxa5 Kf7 34. Re5 h5 (34... Ra2 $142 35. Bg5 Kg6) 35. Bg5 $18 Kg6 {and if ...Rc1+ works, Black does fine.} 36. Bh4 Rb2 37. Rb5 Bd4 (37... Kf7 {might work better.} 38. a5 (38. Rxh5 Rxb3 39. Kg2 Ra3 $18) 38... Ke8) 38. a5 Ra2 39. b4 Be3 40. Rg5+ Kh6 {Hoping for ...Ra1+.} 41. Rd5 Kg6 42. Bd8 Rf2 43. Bh4 Ra2 44. Bd8 Rf2 {intending ...Rf1+.} 45. Rd1 Rb2 46. Be7 Ra2 47. Bc5 h4 48. Bd4 $1 Ra4 $2 (48... Bxd4 49. Rxd4 h3) 49. Ra1 Rxb4 50. Bxe3 fxe3 {[#] KR-KR} 51. Kg1 $1 {[%cal Rg1f1]} Rd4 {[#]} 52. Kf1 $1 Rd2 53. a6 Rxh2 54. Kg1 {White mates.} Rd2 55. a7 e2 56. a8=Q Rd1+ 57. Kg2 e1=Q 58. Qc6+ Kh5 59. Qc5+ Kh6 60. Ra6+ Kg7 61. Qc7+ {Accuracy: White = 84%, Black = 47%.} 1-0

[Event "82nd Tata Steel Masters 2020"]
[Site "Wijk aan Zee"]
[Date "2020.01.22"]
[Round "10.4"]
[White "Van Foreest, Jorden"]
[Black "Duda, Jan-Krzysztof"]
[Result "1/2-1/2"]
[WhiteElo "2644"]
[BlackElo "2758"]
[Annotator "TA"]
[PlyCount "70"]
[EventDate "2020.01.11"]
[EventType "tourn"]
[EventCountry "NED"]
[SourceTitle "playchess.com"]
[Source "ChessBase"]
[SourceQuality "1"]

{[%evp 12,70,13,14,13,6,12,9,0,10,38,33,28,8,6,-12,0,0,0,0,0,-11,-15,-23,-23,-24,-22,-21,-16,-19,-12,-16,-12,-12,-12,-37,-12,-9,-4,-18,-27,-26,-25,-42,-52,-91,-76,-81,-59,-44,-12,-15,0,0,0,0,0,0,0,0,0]} 1. e4 c5 2. c3 d5 3. exd5 Qxd5 4. d4 Nf6 5. Nf3 e6 6. Na3 Nc6 7. Be3 cxd4 {B22: Sicilian: 2 c3} 8. Nb5 $1 {[%cal Rb5c7] Threatens to win with Nc7+.} Qd7 (8... Qd8 9. Nbxd4 Nd5 10. Bg5 f6 11. Nxc6 bxc6 12. Bd2 e5 13. Qc2 g6 14. Bd3 Bg7 15. O-O-O {1-0 (49) Giri,A (2769)-Alekseev,E (2620) Moscow 2019}) 9. Nbxd4 Nd5 10. Bd2 Bd6 11. Nxc6 bxc6 12. Bd3 $146 ({Predecessor:} 12. c4 Nf6 13. Bc3 O-O 14. Qc2 e5 15. O-O-O {½-½ (27) Rezzuti,V (2396)-Raivio,P (2395) ICCF email 2015}) 12... Rb8 13. Qc2 h6 14. O-O c5 15. Rad1 Qc7 16. c4 (16. Bc1 {feels hotter.} O-O 17. Qe2 Bb7 18. Rfe1 Rfd8 19. g3) 16... Nb4 17. Bxb4 Rxb4 18. Rfe1 O-O 19. b3 Rb6 20. Qe2 Rd8 21. Bc2 Be7 22. Qe4 {Qh7+ would kill now.} f5 23. Qe5 Rbd6 24. Rxd6 Rxd6 25. Qe3 {Threatening Bxf5!} Bf6 26. h3 Bb7 27. b4 cxb4 28. c5 {[#]} Rc6 $1 29. Bb3 Bc8 30. Rc1 Kh7 {With the idea ...Be7.} 31. Nd4 $1 {The position is equal.} Rxc5 32. Rxc5 Qxc5 33. Nxe6 Qd6 {[#]} 34. Qd3 $1 {[%mdl 512]} Qxd3 35. Nf8+ Kh8 {Accuracy: White = 76%, Black = 70%.} 1/2-1/2

[Event "82nd Tata Steel Masters 2020"]
[Site "Wijk aan Zee"]
[Date "2020.01.22"]
[Round "10.5"]
[White "Caruana, Fabiano"]
[Black "Firouzja, Alireza"]
[Result "1-0"]
[WhiteElo "2822"]
[BlackElo "2723"]
[Annotator "TA"]
[PlyCount "95"]
[EventDate "2020.01.11"]
[EventType "tourn"]
[EventCountry "NED"]
[SourceTitle "playchess.com"]
[Source "ChessBase"]
[SourceQuality "1"]

{[%evp 10,95,33,34,52,38,39,45,54,39,45,42,42,42,55,56,54,-25,8,10,10,21,11,22,8,24,28,7,21,11,34,0,32,26,6,0,0,0,6,0,0,0,0,0,0,0,28,8,0,0,15,0,115,136,146,142,175,164,222,116,180,166,477,477,452,405,571,563,560,551,546,542,972,967,29964,29964,29985,29986,29988,29983,29983,29984,29978,29979,29979,29980,29978,29978]} 1. d4 Nf6 2. c4 g6 3. Nc3 Bg7 4. e4 d6 5. h3 O-O 6. Be3 Nc6 {E71: King's Indian: 4 e4 d6 5 h3} 7. d5 Ne5 8. f4 Ned7 {White is slightly better.} 9. g4 c6 10. Nf3 cxd5 11. cxd5 b6 $146 ({Predecessor:} 11... Nc5 12. Bxc5 dxc5 13. e5 Nd7 14. Qc2 {1-0 (51) Jones,G (2662)-Pavlidis,A (2546) Heraklio 2017}) 12. Nd4 Nc5 13. Qf3 (13. Nc6 $14 Qe8 14. Bxc5 bxc5 15. Bb5) 13... Bb7 {Black wants to play ...e6.} 14. g5 $1 {[%cal Rg5f6]} Nfxe4 15. Nxe4 Bxd5 16. Nf6+ $1 exf6 17. Qxd5 {Black must now prevent h4.} Re8 18. Nc2 {Threatens to win with Bb5.} fxg5 19. O-O-O $1 gxf4 20. Bd4 $1 Bxd4 21. Qxd4 Ne6 $132 {[%mdl 2048] Black puts up resistance} 22. Qd2 Qf6 23. Kb1 Rac8 24. Bb5 Red8 25. Nb4 {[#]} d5 $1 {[%mdl 512]} 26. Rhf1 (26. Nxd5 Qf5+) 26... Rc5 27. a4 d4 28. Nd3 Rf5 $1 29. Rf3 g5 30. Rg1 Kf8 (30... h5 $11) 31. h4 $1 $16 h6 32. hxg5 hxg5 33. Rh3 f3 (33... Rxb5 $142 34. axb5 Qf5 35. Qb4+ Kg7) 34. Bc4 (34. Rgh1 $18) 34... Ke7 (34... f2 $16 35. Rf1 Rc8) 35. Bxe6 Kxe6 $2 (35... f2 36. Rf1 Qxe6) 36. Qh2 $18 f2 37. Rf1 {And now Rh6 would win.} Kd7 (37... Rg8 $142 38. Qc7 (38. Rxf2 Rxf2 39. Nxf2 Qf5+ 40. Nd3 Qf1+ 41. Kc2 f6 $16) (38. Nxf2 g4 $14) 38... Rd8) 38. Rh6 Qe7 39. Rxf2 Rxf2 40. Qxf2 Kc8 {[#] If only Black now had time for ...Qe4....} 41. a5 $1 {[%mdl 512]} bxa5 42. Qc2+ {White mates.} Kb8 {[#]} 43. Nc5 $1 Rd6 44. Rh8+ Rd8 45. Qb3+ Kc7 46. Qb7+ {[%mdl 64] Double Attack} Kd6 47. Rh6+ f6 48. Ne4+ {[%mdl 64] Double Attack. Accuracy: White = 81%, Black = 47%.} 1-0

[Event "82nd Tata Steel Masters 2020"]
[Site "Wijk aan Zee"]
[Date "2020.01.22"]
[Round "10.6"]
[White "Dubov, Daniil"]
[Black "Giri, Anish"]
[Result "1/2-1/2"]
[WhiteElo "2683"]
[BlackElo "2768"]
[Annotator "TA"]
[PlyCount "43"]
[EventDate "2020.01.11"]
[EventType "tourn"]
[EventCountry "NED"]
[SourceTitle "playchess.com"]
[Source "ChessBase"]
[SourceQuality "1"]

{[%evp 11,43,0,34,33,31,27,72,72,79,62,73,64,81,82,81,64,66,64,82,39,32,20,22,31,24,36,44,47,48,46,45,35,52,58]} 1. Nf3 d5 2. d4 Nf6 3. c4 e6 4. Nc3 c5 5. Bg5 cxd4 6. Nxd4 Be7 7. cxd5 {D50: Queen's Gambit Declined: Dutch-Peruvian Gambit} Nxd5 (7... exd5 8. e3 O-O 9. Be2 Nc6 10. O-O Be6 11. Qd2 Rc8 12. Rfd1 Ne5 13. Rac1 Nc4 14. Qc2 Qb6 15. b3 Nd6 16. Qb2 Rfd8 17. h3 a6 18. Rc2 h6 {½-½ (67) Aravindh,C (2598)-Swapnil,S (2488) New Delhi 2019}) 8. Bxe7 Nxe7 {[#]} 9. Ndb5 $1 {White is better.} Nec6 $146 ({Predecessor:} 9... Nd7 10. Nd6+ Kf8 11. g3 Nf6 12. Bg2 Ned5 13. Nxd5 exd5 14. Nb5 Qb6 {0-1 (53) Vuilleumier,A (2326)-Boruchovsky,A (2435) Eilat 2012}) 10. g3 (10. e3 {feels hotter.} a6 11. Nd6+ Ke7 12. Nxc8+ Qxc8 13. Qa4) 10... Qxd1+ 11. Rxd1 {aiming for Nc7+.} Na6 $1 12. Bg2 Ke7 13. O-O Rd8 14. a3 Bd7 15. Nd6 Rab8 $1 16. Rd2 Be8 17. Rfd1 Nc5 18. Nxe8 Rxd2 {White is slightly better.} 19. Rxd2 Rxe8 20. Nb5 {Threatens to win with Bxc6.} Rc8 21. Rc2 Na4 22. Nd4 {Accuracy: White = 68%, Black = 92%.} 1/2-1/2

[Event "82nd Tata Steel Masters 2020"]
[Site "Wijk aan Zee"]
[Date "2020.01.22"]
[Round "10.7"]
[White "Yu, Yangyi"]
[Black "So, Wesley"]
[Result "1/2-1/2"]
[WhiteElo "2726"]
[BlackElo "2765"]
[Annotator "TA"]
[PlyCount "93"]
[EventDate "2020.01.11"]
[EventType "tourn"]
[EventCountry "NED"]
[SourceTitle "playchess.com"]
[Source "ChessBase"]
[SourceQuality "1"]

{[%evp 14,93,4,0,13,-2,19,7,19,9,16,14,13,16,14,18,13,14,15,19,15,15,17,13,8,9,37,40,44,0,41,41,41,41,41,41,41,35,39,29,43,18,51,50,49,50,59,60,62,22,22,22,22,24,25,16,22,16,25,25,45,48,52,25,25,16,16,16,16,16,16,16,16,0,0,0,0,0,0,0,0,0]} 1. e4 e5 2. Nf3 Nc6 3. Nc3 Nf6 4. d4 exd4 5. Nxd4 Bb4 6. Nxc6 bxc6 7. Bd3 d5 8. exd5 O-O {C47: Scotch Four Knights and Four Knights with 4 g3} 9. O-O Bg4 (9... cxd5 10. Bg5 c6 11. Qf3 Bd6 12. Rae1 Rb8 13. Nd1 h6 14. Bxf6 Qxf6 15. Qxf6 gxf6 16. b3 f5 17. Ne3 f4 18. Nf5 Bxf5 19. Bxf5 Kg7 20. g3 Kf6 21. Bd3 {½-½ (30) Movsesian,S (2654)-Ding,L (2811) Khanty-Mansiysk 2019}) 10. f3 Bh5 $1 11. Bg5 cxd5 12. Bxf6 Qxf6 13. Nxd5 Qxb2 14. Rb1 Bc5+ 15. Kh1 Qe5 $1 16. f4 Bxd1 17. fxe5 Bg4 18. h3 Bd7 {[#]} 19. Rb7 $146 ({Predecessor:} 19. Nxc7 Rac8 20. Nd5 Rfe8 21. Rfe1 {½-½ (21) Bruzon Batista,L (2643)-Nyzhnyk,I (2666) Orlando 2019}) 19... Rac8 20. Rxc7 Rfd8 21. Rf4 Be6 (21... Rxc7 {with more complications.} 22. Nxc7 g6 23. Rc4 Bf2 24. Kh2 Rc8) 22. Ne7+ Bxe7 $1 23. Rxe7 Bxa2 24. Rxa7 Be6 25. Ra5 g6 26. Kg1 Rc7 27. Kf2 Bb3 28. Bxg6 $1 Bxc2 29. Bh5 Bg6 30. Bf3 Rdc8 31. h4 Rc5 32. Rfa4 Bc2 33. Ra3 Bf5 34. Bd5 Kg7 35. Ke3 Rxa5 36. Rxa5 $11 {[%mdl 4096] [#] Endgame Strongly threatening Ra7. KRB-KRB} Re8 37. Kf4 Be6 38. Bxe6 Rxe6 $14 {KR-KR} 39. Ra7 h5 {The position is equal.} 40. Ra3 f6 41. Re3 Kg6 42. Rg3+ Kh6 43. Kf5 Rxe5+ 44. Kxf6 Re4 45. Rg6+ Kh7 46. Rg7+ Kh6 47. Rg6+ {Accuracy: White = 53%, Black = 67%.} 1/2-1/2

[Event "82nd Tata Steel Masters 2020"]
[Site "Wijk aan Zee"]
[Date "2020.01.24"]
[Round "11.1"]
[White "Duda, Jan-Krzysztof"]
[Black "Carlsen, Magnus"]
[Result "1/2-1/2"]
[WhiteElo "2758"]
[BlackElo "2872"]
[Annotator "TA"]
[PlyCount "86"]
[EventDate "2020.01.11"]
[EventType "tourn"]
[EventCountry "NED"]
[SourceTitle "playchess.com"]
[Source "ChessBase"]
[SourceQuality "1"]

{[%evp 18,86,20,5,9,2,8,0,8,0,17,0,0,0,0,-27,-31,-31,66,64,68,64,64,69,78,0,0,0,0,0,0,0,0,0,0,0,0,0,0,0,10,11,10,12,12,12,15,14,23,15,15,10,14,6,6,-12,-12,-12,-12,-13,-13,-13,-13,-13,-13,-13,-13,-13,-13,-13,-13]} 1. e4 e5 2. Nf3 Nc6 3. Bc4 Bc5 4. c3 Nf6 5. d3 d6 6. Nbd2 a6 7. Nf1 h6 8. Ng3 O-O 9. O-O Ba7 10. Bb3 Re8 {C54: Giuoco Piano: 4 c3 Nf6, main lines with 5 d4 and 5 d3} 11. h3 Be6 12. Bc2 d5 13. exd5 Nxd5 14. Re1 Qd6 15. Nh4 Qe7 ({Predecessor:} 15... Qd8 16. Nhf5 {1-0 (75) Rabiega,R (2498)-Feller,S (2573) Germany 2017}) 16. Nhf5 $146 (16. Qh5 Rad8 17. d4 Nf4 18. Bxf4 exf4 19. Nf1 Rd5 20. Qxd5 Bxd5 21. Rxe7 Nxe7 {½-½ (76) Volokitin,A (2641)-Kryvoruchko,Y (2675) Lutsk 2019}) 16... Qf6 $1 17. Qf3 g6 (17... Kh8 $15) 18. Nxh6+ $14 Kg7 19. Qxf6+ Nxf6 20. Ne4 $1 Nh7 21. g4 ({White should play} 21. h4 $16) 21... f5 $36 {[%mdl 2048] Black fights for an advantage.} 22. gxf5 gxf5 23. Ng3 {[%cal Be4g3,Bg3f5,Bf5e7][%mdl 32]} f4 24. Ngf5+ Kg6 25. d4 {Threatens to win with Kh1.} Ng5 26. Kg2 Bd5+ 27. Kf1 Nf3 28. Rd1 Rad8 (28... Nh2+ {keeps more tension.} 29. Kg1 Nf3+ 30. Kf1) 29. Ne7+ {[%mdl 64] [#] Discovered Attack (Double check)} ({Don't play} 29. dxe5 Bc4+ 30. Kg2 Rxd1 $17) 29... Kxh6 30. Nxd5 {Hoping for dxe5.} Nfxd4 31. cxd4 Rxd5 32. dxe5 Rxd1+ 33. Bxd1 Kg5 {The position is equal.} 34. h4+ Kf5 35. Bc2+ Kg4 36. Bd1+ f3 37. Bg5 Nxe5 {[#] ...Nd3! is the strong threat.} 38. Bc2 Nc4 {And now ...Re2! would win.} 39. Re1 Rxe1+ 40. Kxe1 Nxb2 41. Bf6 Nc4 42. Bg6 {Black must now prevent h5.} Bc5 43. Bf7 {Strongly threatening Be6+.} Kf5 {Accuracy: White = 56%, Black = 79%.} 1/2-1/2

[Event "82nd Tata Steel Masters 2020"]
[Site "Wijk aan Zee"]
[Date "2020.01.24"]
[Round "11.2"]
[White "Giri, Anish"]
[Black "Yu, Yangyi"]
[Result "1/2-1/2"]
[WhiteElo "2768"]
[BlackElo "2726"]
[Annotator "TA"]
[PlyCount "85"]
[EventDate "2020.01.11"]
[EventType "tourn"]
[EventCountry "NED"]
[SourceTitle "playchess.com"]
[Source "ChessBase"]
[SourceQuality "1"]

{[%evp 18,85,42,42,37,37,36,44,36,29,42,29,33,39,40,32,36,31,35,29,43,27,29,11,16,18,17,23,18,17,18,13,19,10,14,0,0,0,10,0,0,0,0,0,0,0,0,0,0,0,0,0,0,0,3,0,2,0,11,4,6,0,0,0,0,0,11,11,11,11]} 1. e4 e5 2. Nf3 Nf6 3. Nxe5 d6 4. Nf3 Nxe4 5. d4 d5 6. Bd3 Nc6 7. O-O Be7 8. Nbd2 Nxd2 9. Bxd2 Bg4 10. c3 O-O {C42: Petroff Defence: 3 Nxe5 and unusual White 3rd moves} 11. h3 Bh5 12. g3 Qd7 {White is slightly better.} 13. Kg2 Bg6 (13... a6 14. Ne5 Bxd1 15. Nxd7 Rfd8 16. Raxd1 Rxd7 17. f4 Na5 18. Rfe1 {½-½ (46) Yu,Y (2738)-Bu,X (2705) Ningbo 2019}) 14. Bf4 Bxd3 15. Qxd3 {[#]} a6 $146 ({Predecessor:} 15... Rfe8 16. Rfe1 Bd6 17. Bxd6 Qxd6 18. Re3 Rxe3 19. Qxe3 {½-½ (31) Muzychuk,M (2539)-Ju,W (2583) Baku 2016}) 16. Rae1 Rae8 17. Re2 Bd8 18. Rfe1 Rxe2 19. Rxe2 f6 20. h4 Re8 21. Rxe8+ Qxe8 22. Qf5 Ne7 $1 {[%cal Re7f5]} 23. Qe6+ {The position is equal.} Kf8 $1 24. Nd2 Qc6 25. Qg4 g6 26. Nb3 b6 27. Nc1 Kf7 28. h5 Qe6 29. Qxe6+ Kxe6 $11 {[%mdl 4096] Endgame KBN-KBN} 30. g4 f5 31. f3 fxg4 32. fxg4 Nc6 33. Nd3 g5 34. Bg3 Kd7 35. Kf3 Bf6 36. Ke3 Be7 37. b3 Bf6 38. Bh2 Bg7 39. b4 Bf8 40. a4 Be7 41. Bg3 b5 42. a5 Nd8 43. Ne5+ {Accuracy: White = 47%, Black = 83%.} 1/2-1/2